000 01156nam a2200301 4500
003 EG-GICUC
005 20260224061612.0
008 260224s1971 ua ||||fr|||| 00| 0 ara d
040 _a EG-GICUC
_bara
_c EG-GICUC
_d EG-GICUC
_erda
041 0 _aara
082 0 4 _221
_a345.455
_bم ؤ
092 0 4 _221
099 _aLaw1 07 345.455 م ؤ 1971
245 0 2 _aالمؤسسات العامة و نظام العاملين بالقطاع العام /
_cجمهورية مصر العربية
264 3 _aالقاهرة :
_bالهيئة العامة لشئون المطابع الاميرية،
_c1971.
300 _a93 صفحة ؛
_c24 سم
336 _2rda content
_atext
337 _2rda media
_aComputer
338 _2rda carrier
_aOnline Resource
504 _aيشتمل على إرجاعات ببليوجرافية.
546 _aالنص باللغة العربية
650 1 4 _aالقانون الدستوري
_2qrmak
650 1 4 _aالنظام القانوني للعاملين بالقطاع العام
651 1 _2qrmak
856 4 0 _uhttps://fll.law.cu.edu.eg/fulltext/bks/B08-03260.pdf
905 _a74
942 _2ddc
_n0
_cBK
_e21
999 _c64094
_d64094